000 00619nam a2200181 4500
001 111958
003 ES-MaACL
005 20251005063107.0
007 t|
008 061121s1934 sp r ||||1| spa d
100 0 _aJuan Enrique Newman,
_cBeato,
_d1801-1890
_9162508
245 1 0 _aHistoria de mis ideas religiosas
_b: mi conversión al catolicismo /
_cCardenal Newman; traducida del inglés con una introducción por Manuel Graña.
260 _aMadrid :
_bFase,
_c1934.
300 _aXXIII, 263 p. ;
_c22 cm.
700 1 _aGraña, Manuel.
_959669
852 _aES-MaACL
_jA-2208
999 _c111958
_d111958